Soccer Players by Country #3 - Statistics

General Stats
  • This quiz has been taken 5,107 times
  • The average score is 14 of 15
Answer Stats
Player Country % Correct
Hulk Brazil
97%
Ángel di María Argentina
96%
Gianluigi Buffon Italy
96%
Luka Modric Croatia
95%
Mats Hummels Germany
95%
Nani Portugal
94%
Vincent Kompany Belgium
93%
Alexis Sánchez Chile
93%
Wesley Sneijder The Netherlands
92%
Antonio Di Natale Italy
91%
Yaya Touré Ivory Coast
91%
Peter Cech Czech Republic
87%
Lazaros Christodoulopoulos Greece
87%
Andrei Arshavin Russia
82%
Nuri Sahin Turkey
73%
No matching quizzes found
Score Distribution
Percent of People with Each Score
Percentile by Number Answered
Your Score History
You have not taken this quiz